| 000 | 00847nam a22002417a 4500 | ||
|---|---|---|---|
| 999 |
_c64070 _d64070 |
||
| 005 | 20240530110713.0 | ||
| 008 | 180121s2015 ua a g b 000 fdara d | ||
| 017 |
_a2015/23307 _bمصر. دار الكتب |
||
| 020 | _a9789770933688 | ||
| 040 |
_aEG-CaGPL _cEG-CaGPL |
||
| 082 | 0 | 4 |
_221 _a894.35 \ _bب غ |
| 100 | 1 | _aباموق ، اورهان | |
| 245 | 1 | 0 |
_aغرابة فى عقلى / _cاورهان باموق ؛ ترجمة عبدالقادر عبداللي . |
| 250 | _aط.1 | ||
| 260 |
_aالقاهرة : _bدار الشروق ، _c2015 . |
||
| 300 |
_a675 ص. ؛ _c20 سم. |
||
| 650 | 0 | 7 |
_2qrmak _aالقصص التركية |
| 650 | 0 | 7 |
_2qrmak _aجائزة نوبل للادب |
| 651 | _2qrmak | ||
| 700 | 0 |
_aعبدالقادر عبداللي _eمترجم |
|
| 942 |
_2ddc _cBK |
||